Normal view
MARC view
- Seminario Nacional sobre Planeación y Administración de la Educación Superior
Entry Nombre de Reunión
001 - NÚMERO DE CONTROL
- campo de control: 29996
003 - IDENTIFICADOR DE NÚMERO DE CONTROL
- campo de control: UPN
005 - FECHA Y HORA DE LA ÚLTIMA TRANSACCIÓN
- campo de control: 20210219194409.0
008 - DATOS DE LONGITUD FIJA
- campo de control de longitud fija: nabaccnnaabn|||||||||| b |nc|||||d
035 ## - NÚMERO DE CONTROL
- Número de control: UPN11000002102
040 ## - FUENTE DE CATALOGACIÓN
- Lenguaje de catalogación: SPA
- Agencia transcribió: UPN
111 2# - ENCABEZAMIENTO - NOMBRE DE REUNIÓN
- Nombre de reunión o de jurisdicción: Seminario Nacional sobre Planeación y Administración de la Educación Superior
- Fecha de la reunión : (1980 :
- Lugar de la reunión: Aguascalientes)
670 ## - FUENTE EN LA QUE SE LOCALIZARON DATOS
- Cita de la fuente: T
- Información localizada: La procuración de recursos adicionales
902 ## - CATALOGADOR
- Catalogador: DAA/031008
